| 000 | 00459cam a2200181ua 4500 | ||
|---|---|---|---|
| 020 | _c4.00 | ||
| 041 |
_aeng _h |
||
| 082 |
_a531.14 _bGAM/GR |
||
| 100 | _aGamow, George . | ||
| 245 |
_aGravity Classic and modern views / _cGeorge Gamow. _hTextual Documents |
||
| 260 |
_aBombay : _bVakels, Feffer and Simons Pvt.Ltd. , _c1965. |
||
| 300 | _a157 ; . | ||
| 365 | _a4.00 | ||
| 504 | _a | ||
| 942 | _cBK | ||
| 999 |
_c7516 _d7516 |
||